Ghosts US cast - Statistics

General Stats
  • This quiz has been taken 39 times
  • The average score is 11 of 15
Answer Stats
actor character % Correct
utkarsh Ambudkar Jay
96%
Rose McIver samantha
96%
Danielle Pinnock Alberta
93%
Richie Moriarity pete
93%
Sheila carrasco Flower
89%
Rebecca Wisocky Hetty
89%
Devan Chandler Long Thorfinn
85%
Asher Grodman Trevor
85%
Brandon Scott Jones isaac
78%
Roman Zaragoza sasappis
70%
John Hartman Nigel
59%
Betsy Sodaro nancy
52%
Tristan D Lalla mark
44%
Mark henry Linn baker Henry
15%
Kathryn Greenwood Margaret
15%
No matching quizzes found
Score Distribution
Percent of People with Each Score
Percentile by Number Answered
Your Score History
You have not taken this quiz